[Event "African Individual Chess Championship 2015 - Open Section"]
[Site "Cairo"]
[Date "2015.05.07"]
[Round "6"]
[White "Haddouche, Mohamed"]
[Black "Adly, Ahmed"]
[Result "1-0"]
[WhiteElo "2492"]
[BlackElo "2593"]
[EventDate "2015.05.02"]
[PlyCount "60"]

1.e4 c6 2.d4 d5 3.Nc3 dxe4 4.Nxe4 Nd7 5.Ng5 g6 6.Bc4 Nh6 7.N1f3 Nb6 8.Bb3 
Bg7 9.O-O O-O 10.h3 a5 11.a4 Nf5 12.c3 Nd5 13.Re1 Qc7 14.Bd2 b6 15.Rc1 e6 
16.h4 c5 17.h5 cxd4 18.hxg6 hxg6 19.Nxd4 Nxd4 20.cxd4 Qd7 21.Qg4 Bb7 22.
Qh4 Rfc8 23.Qh7+ Kf8 24.Ne4 Rxc1 25.Bxc1 Qe7 26.Bh6 Ke8 27.Qxg7 Kd7 28.
Bxd5 Bxd5 29.Nf6+ Kc6 30.Nxd5 Kxd5 1-0

[Event "African Individual Chess Championship 2015 - Open Section"]
[Site "Cairo"]
[Date "2015.05.07"]
[Round "6"]
[White "Amin, Bassem"]
[Black "El-Gindy, Essam"]
[Result "1/2-1/2"]
[WhiteElo "2633"]
[BlackElo "2450"]
[EventDate "2015.05.02"]
[PlyCount "73"]

1.e4 c5 2.Nf3 Nc6 3.Bb5 g6 4.Bxc6 bxc6 5.O-O Bg7 6.Re1 Nf6 7.e5 Nd5 8.c4 
Nc7 9.d4 cxd4 10.Qxd4 O-O 11.Qh4 f6 12.exf6 exf6 13.Qd4 Ne6 14.Qd6 f5 15.
Nc3 Ba6 16.Ne5 Qc7 17.Qxc7 Nxc7 18.Nxd7 Rf7 19.Ne5 Re7 20.f4 Bxc4 21.b3 
Nd5 22.Bd2 Nxc3 23.Bxc3 Bxe5 24.Rxe5 Rxe5 25.Bxe5 Bd5 26.Rd1 a5 27.Rd4 Kf7
28.Ra4 c5 29.Bc3 Ke6 30.Kf2 Kd6 31.g3 Kc6 32.Rxa5 Rxa5 33.Bxa5 c4 34.bxc4 
Bxc4 35.a3 Kd5 36.Ke3 Bb5 37.Bb4 1/2-1/2

[Event "African Individual Chess Championship 2015 - Open Section"]
[Site "Cairo"]
[Date "2015.05.07"]
[Round "6"]
[White "Ezat, Mohamed"]
[Black "Arab, Adlane"]
[Result "0-1"]
[WhiteElo "2474"]
[BlackElo "2439"]
[EventDate "2015.05.02"]
[PlyCount "106"]

1.d4 Nf6 2.c4 e6 3.Nf3 b6 4.a3 Bb7 5.Nc3 d5 6.cxd5 exd5 7.g3 Be7 8.Qa4+ c6
9.Bg2 O-O 10.O-O Re8 11.Rd1 Bd6 12.Ne5 Bxe5 13.dxe5 Rxe5 14.e4 Nbd7 15.
exd5 Nxd5 16.Nxd5 cxd5 17.Qd4 Re8 18.Bxd5 Bxd5 19.Qxd5 Nc5 20.Be3 Ne6 21.
a4 Qe7 22.Qb5 Red8 23.Rxd8+ Qxd8 24.a5 bxa5 25.Qxa5 Qd7 26.Qe5 Qb7 27.Bd2 
h6 28.Bc3 Rd8 29.h4 Rd5 30.Qe3 Rd7 31.Kh2 Qa8 32.Re1 Qb7 33.Qe2 Qb6 34.Qf3
Qb5 35.Qa8+ Kh7 36.Qe4+ Kg8 37.Qa8+ Kh7 38.Qe4+ Kg8 39.Qg4 h5 40.Qf3 Rd5 
41.Ra1 Qd7 42.Kg2 Nd4 43.Bxd4 Rxd4 44.Qa8+ Kh7 45.Rxa7 Qe6 46.Qf3 Kg6 47.
Ra5 f5 48.Kh2 Re4 49.Rc5 Qd7 50.b3 Qe6 51.b4 Rc4 52.Qb3 Rxh4+ 53.gxh4 Qxb3
0-1

[Event "African Individual Chess Championship 2015 - Open Section"]
[Site "Cairo"]
[Date "2015.05.07"]
[Round "6"]
[White "Shoker, Samy"]
[Black "El-Gabry, Mohsen"]
[Result "0-1"]
[WhiteElo "2484"]
[BlackElo "2325"]
[EventDate "2015.05.02"]
[PlyCount "89"]

1.c4 e5 2.g3 Nf6 3.Bg2 d5 4.cxd5 Nxd5 5.Nc3 Nb6 6.Nf3 Nc6 7.O-O Be7 8.a3 
a5 9.d3 O-O 10.Be3 Be6 11.Rc1 Nd5 12.Nxd5 Bxd5 13.Qa4 Re8 14.Rfd1 Bf8 15.
Bc5 Ra6 16.e4 Be6 17.d4 exd4 18.Nxd4 Nxd4 19.Rxd4 Qc8 20.e5 c6 21.Qd1 Bxc5
22.Rxc5 Qc7 23.h3 Raa8 24.Qc2 Qb6 25.Rh4 h6 26.Qc3 Red8 27.Be4 Rd1+ 28.Kh2
Rad8 29.Rf4 R1d2 30.b4 axb4 31.axb4 Qa7 32.g4 Qa6 33.b5 cxb5 34.Rc7 Qa2 
35.Qf3 Rxf2+ 36.Qxf2 Rd2 37.Kg3 Rxf2 38.Rxf2 Qa1 39.Rfc2 Qxe5+ 40.Kf3 g5 
41.Bxb7 b4 42.R7c5 Qf4+ 43.Kg2 b3 44.Rf2 Qb4 45.Rc8+ 0-1

[Event "African Individual Chess Championship 2015 - Open Section"]
[Site "Cairo"]
[Date "2015.05.07"]
[Round "6"]
[White "Hesham, Abdelrahman"]
[Black "Abdel Razik, Khaled"]
[Result "0-1"]
[WhiteElo "2389"]
[BlackElo "2430"]
[EventDate "2015.05.02"]
[PlyCount "126"]

1.d4 Nf6 2.c4 c5 3.d5 e6 4.Nc3 exd5 5.cxd5 g6 6.Nf3 d6 7.Bf4 a6 8.a4 Bg7 
9.h3 O-O 10.e3 Qe7 11.Be2 Nbd7 12.O-O Nh5 13.Bh2 f5 14.Re1 Rb8 15.Ra3 Nhf6
16.Rb3 Ne4 17.Bf1 b6 18.Nd2 Nxd2 19.Qxd2 Be5 20.f4 Bg7 21.e4 Bd4+ 22.Kh1 
Bxc3 23.bxc3 fxe4 24.c4 b5 25.cxb5 axb5 26.Bxb5 Nf6 27.g4 Bd7 28.g5 Nh5 
29.Qc2 Bf5 30.Rbe3 Qf7 31.Qc4 Rb7 32.Rb1 Rfb8 33.Rbb3 Qc7 34.Qc3 Qf7 35.
Qd2 Qg7 36.Rec3 Qd4 37.Qc1 Qg7 38.Bg1 Bd7 39.Qb1 Bxb5 40.axb5 Qd7 41.Qxe4 
Rxb5 42.Rxb5 Rxb5 43.Re3 Ng7 44.Ra3 Rb8 45.Kg2 Re8 46.Qf3 Nf5 47.Bf2 Qe7 
48.h4 Qf7 49.Ra6 Re3 50.Ra8+ Re8 51.Ra6 Qb7 52.Rc6 Qb2 53.Kf1 Qc1+ 54.Kg2 
Qd2 55.Kf1 Qc1+ 56.Kg2 Qc2 57.Kf1 Qb1+ 58.Kg2 Re3 59.Rc8+ Kf7 60.Rc7+ Ke8 
61.Qg4 Qe4+ 62.Kg1 Rb3 63.Kh2 Rb2 0-1

[Event "African Individual Chess Championship 2015 - Open Section"]
[Site "Cairo"]
[Date "2015.05.07"]
[Round "6"]
[White "Abdelnabbi, Imed"]
[Black "Kigigha, Bomo"]
[Result "1-0"]
[WhiteElo "2421"]
[BlackElo "2301"]
[EventDate "2015.05.02"]
[PlyCount "65"]

1.d4 d5 2.c4 e6 3.Nc3 Nf6 4.Bg5 Be7 5.e3 O-O 6.Nf3 Ne4 7.Bxe7 Qxe7 8.cxd5 
Nxc3 9.bxc3 exd5 10.Qb3 Rd8 11.c4 Nc6 12.cxd5 Na5 13.Qc3 Rxd5 14.Rc1 b6 
15.Qxc7 Rd7 16.Qc3 Bb7 17.Qb2 Bxf3 18.gxf3 Rad8 19.Be2 f5 20.f4 Qh4 21.Rc3
Re7 22.Qc1 Rde8 23.Rc8 g6 24.O-O g5 25.fxg5 f4 26.Kh1 Qh3 27.Rxe8+ Rxe8 
28.Qd1 fxe3 29.Bg4 Qh4 30.fxe3 Rxe3 31.Qc1 Re8 32.Qf4 Kh8 33.Qf6+ 1-0

[Event "African Individual Chess Championship 2015 - Open Section"]
[Site "Cairo"]
[Date "2015.05.07"]
[Round "6"]
[White "Ameir, Moheb"]
[Black "Farahat, Ali"]
[Result "1/2-1/2"]
[WhiteElo "2290"]
[BlackElo "2390"]
[EventDate "2015.05.02"]
[PlyCount "121"]

1.e4 c5 2.Nf3 Nc6 3.Bb5 e6 4.O-O Nge7 5.Re1 Nd4 6.Nxd4 cxd4 7.d3 a6 8.Ba4 
Nc6 9.c3 b5 10.Bb3 Bc5 11.Nd2 d6 12.Nf3 O-O 13.Bg5 Qb6 14.Bh4 Bd7 15.Qd2 
dxc3 16.bxc3 b4 17.cxb4 Bxb4 18.Qe3 Qxe3 19.Rxe3 Na5 20.d4 Rfc8 21.Bg3 Bc3
22.Rd1 Nxb3 23.axb3 Bb4 24.Ne1 Bb5 25.h4 f6 26.Nd3 Bc3 27.Nc5 Bxd4 28.Rxd4
dxc5 29.Rd6 c4 30.bxc4 Bxc4 31.Rd7 Bb5 32.Rb7 Rc1+ 33.Kh2 Rd8 34.h5 Rd7 
35.Rxd7 Bxd7 36.Rd3 Bb5 37.Rd8+ Kf7 38.Bd6 e5 39.Rb8 Bd7 40.Ra8 Ke6 41.Bf8
g6 42.h6 Rc8 43.Rxc8 Bxc8 44.Bb4 f5 45.exf5+ gxf5 46.Kg3 f4+ 47.Kg4 Kf6+ 
48.Kh4 e4 49.Bd6 e3 50.fxe3 fxe3 51.Kg3 Ke6 52.Bc7 Kd5 53.Kf3 Kd4 54.Bb6+ 
Kd3 55.g4 Bb7+ 56.Kf4 e2 57.Ba5 Be4 58.g5 Kd4 59.Be1 Bg6 60.Kf3 Kd3 61.Kf2
1/2-1/2

[Event "African Individual Chess Championship 2015 - Open Section"]
[Site "Cairo"]
[Date "2015.05.07"]
[Round "6"]
[White "Kayonde, Andrew"]
[Black "Choukri, Adel"]
[Result "1-0"]
[WhiteElo "2374"]
[BlackElo "2231"]
[EventDate "2015.05.02"]
[PlyCount "109"]

1.d4 Nf6 2.c4 g6 3.Nc3 Bg7 4.e4 d6 5.Be2 O-O 6.Bg5 h6 7.Bf4 Na6 8.Qd2 Kh7 
9.O-O-O c5 10.d5 Nc7 11.h4 b5 12.h5 g5 13.Bxg5 b4 14.Bxf6 exf6 15.Nb1 f5 
16.exf5 a5 17.Bd3 Qf6 18.Nf3 a4 19.Nh2 a3 20.b3 Ne8 21.Ng4 Qb2+ 22.Qxb2 
axb2+ 23.Kc2 Nf6 24.Nd2 Rxa2 25.Rb1 Nxg4 26.f6+ Kg8 27.fxg7 Re8 28.Rhf1 
Kxg7 29.Rxb2 Ra6 30.Kb1 Nf6 31.Ra2 Rxa2 32.Kxa2 Nxh5 33.Ne4 Bf5 34.Nxc5 
dxc5 35.Bxf5 Re2+ 36.Kb1 Nf6 37.Kc1 Ne8 38.Bc2 Nd6 39.Kd1 Re7 40.Kd2 Kf6 
41.Rh1 Kg7 42.Ra1 Nc8 43.Ra6 Ra7 44.Rc6 Ra8 45.Rxc5 Kf6 46.Rc6+ Ke7 47.
Rxh6 Nd6 48.c5 Ne8 49.d6+ Kd8 50.c6 Ra5 51.d7 Rd5+ 52.Kc1 Nc7 53.Rh8+ Ke7 
54.Rc8 Nb5 55.Re8+ 1-0

[Event "African Individual Chess Championship 2015 - Open Section"]
[Site "Cairo"]
[Date "2015.05.07"]
[Round "6"]
[White "Belouadah, Saad"]
[Black "Buti, Raphael"]
[Result "1-0"]
[WhiteElo "2351"]
[BlackElo "2196"]
[EventDate "2015.05.02"]
[PlyCount "85"]

1.d4 Nf6 2.c4 g6 3.Nc3 Bg7 4.e4 d6 5.f3 O-O 6.Be3 a6 7.Qd2 Nbd7 8.Bd3 c5 
9.Nge2 e6 10.O-O b6 11.Rfd1 Bb7 12.Rab1 cxd4 13.Bxd4 Qc7 14.Rbc1 Rad8 15.
b4 Qb8 16.Kh1 Rfe8 17.Qb2 Bh6 18.Rb1 Bg7 19.Na4 Ba8 20.Nxb6 Nxb6 21.Bxf6 
Bxf6 22.Qxf6 Nd7 23.Qd4 Ne5 24.Nc3 Nc6 25.Qg1 Qc7 26.Na4 Rb8 27.a3 Ne5 28.
c5 d5 29.Nb6 Bb7 30.exd5 exd5 31.Bc2 d4 32.Be4 Bxe4 33.fxe4 d3 34.Nd5 Qd8 
35.Qd4 Qh4 36.g3 Qg5 37.Rxd3 Ng4 38.Rf1 Rbd8 39.Rdf3 f5 40.h4 Rxe4 41.hxg5
Rxd4 42.Ne7+ Kf7 43.Nc6 1-0

[Event "African Individual Chess Championship 2015 - Open Section"]
[Site "Cairo"]
[Date "2015.05.07"]
[Round "6"]
[White "Nafiri, Khalil"]
[Black "Amdouni, Zoubeir"]
[Result "1/2-1/2"]
[WhiteElo "2230"]
[BlackElo "2338"]
[EventDate "2015.05.02"]
[PlyCount "87"]

1.e4 g6 2.d4 c6 3.Nc3 d5 4.Bf4 Qb6 5.exd5 Bg7 6.Be5 Nf6 7.dxc6 Nxc6 8.Bb5 
O-O 9.Bxc6 bxc6 10.Na4 Qb5 11.b3 Bh6 12.Ne2 Ba6 13.c4 Qa5+ 14.Nac3 Ne4 15.
Kf1 Nxc3 16.Qe1 f6 17.Bg3 Rad8 18.Rd1 e5 19.Qxc3 Qxc3 20.Nxc3 Rxd4 21.Ke2 
Rfd8 22.Rxd4 exd4 23.Na4 d3+ 24.Kd1 Bc8 25.Bc7 Rd4 26.Re1 Kf7 27.Ba5 Rg4 
28.Rg1 d2 29.Nc3 Rg5 30.Bc7 Bg4+ 31.Ne2 Rh5 32.f3 Bd7 33.g4 Rh3 34.Bg3 Be3
35.Rf1 h5 36.gxh5 Rxh5 37.Nf4 Ra5 38.a4 Bf5 39.Ng2 Bh6 40.Bf4 Bh3 41.Rf2 
Bf8 42.Bxd2 Re5 43.Ne1 Bd7 44.Nd3 1/2-1/2

[Event "African Individual Chess Championship 2015 - Open Section"]
[Site "Cairo"]
[Date "2015.05.07"]
[Round "6"]
[White "Adu, Oladapo"]
[Black "Abu Zied, Ahmed"]
[Result "1-0"]
[WhiteElo "2238"]
[BlackElo "2187"]
[EventDate "2015.05.02"]
[PlyCount "53"]

1.d4 g6 2.Nf3 Bg7 3.e4 c5 4.c3 cxd4 5.cxd4 d5 6.e5 a6 7.h3 Nc6 8.Nc3 f6 9.
exf6 Nxf6 10.Bd3 O-O 11.O-O Nh5 12.Bc2 Kh8 13.Bb3 e6 14.Bg5 Qd6 15.Rc1 b5 
16.Re1 Bd7 17.Qd3 Rf7 18.Ne2 Raf8 19.Qe3 Rxf3 20.gxf3 e5 21.dxe5 Nxe5 22.
Nd4 Qb6 23.Bh6 Bxh6 24.Qxh6 Rxf3 25.Rxe5 Rg3+ 26.fxg3 Qxd4+ 27.Qe3 1-0

[Event "African Individual Chess Championship 2015 - Open Section"]
[Site "Cairo"]
[Date "2015.05.07"]
[Round "6"]
[White "Adam, Jamal"]
[Black "Ghattour, Mosab"]
[Result "0-1"]
[WhiteElo "2092"]
[BlackElo "2138"]
[EventDate "2015.05.02"]
[PlyCount "64"]

1.e4 c5 2.Nf3 Nc6 3.d4 cxd4 4.Nxd4 g6 5.Be3 Bg7 6.Nc3 Nf6 7.Be2 O-O 8.O-O 
d6 9.h3 Bd7 10.Qd2 Nxd4 11.Bxd4 Bc6 12.Bf3 Re8 13.Nd5 Nd7 14.Bxg7 Kxg7 15.
g3 Rc8 16.Bg2 Bxd5 17.exd5 Qb6 18.b3 Qc5 19.c4 b5 20.cxb5 Qxb5 21.Qd4+ Nf6
22.Qxa7 Nxd5 23.Qd4+ Nf6 24.Rfe1 d5 25.f4 Kg8 26.b4 Qa4 27.Qb2 h5 28.a3 h4
29.gxh4 Qa7+ 30.Qf2 Qxf2+ 31.Kxf2 Rc4 32.Kf3 Nh5 0-1

[Event "African Individual Chess Championship 2015 - Open Section"]
[Site "Cairo"]
[Date "2015.05.07"]
[Round "6"]
[White "Oatlhotse, Providence"]
[Black "Nadir, Samir"]
[Result "0-1"]
[WhiteElo "2271"]
[BlackElo "2136"]
[EventDate "2015.05.02"]
[PlyCount "78"]

1.d4 d5 2.Nf3 Bf5 3.c4 e6 4.Qb3 Nc6 5.e3 Nb4 6.Na3 a5 7.c5 c6 8.Be2 b6 9.
O-O bxc5 10.dxc5 Nf6 11.Bd2 Bxc5 12.Bxb4 axb4 13.Nc2 O-O 14.Nxb4 Rb8 15.a3
Qd6 16.Nd4 Bxb4 17.axb4 Qxb4 18.Qxb4 Rxb4 19.Nxc6 Rxb2 20.Ne7+ Kh8 21.Nxf5
Rxe2 22.Nd4 Rb2 23.Rfb1 Rxb1+ 24.Rxb1 h6 25.Nc6 Rc8 26.Rb8 Rxb8 27.Nxb8 g5
28.Nc6 Kg7 29.Kf1 Nd7 30.Ke2 h5 31.h3 Kf6 32.f3 Nc5 33.Nb4 Ke5 34.g3 Kd6 
35.f4 g4 36.hxg4 hxg4 37.Kf2 Ne4+ 38.Kg2 f6 39.Nd3 Kc6 0-1

[Event "African Individual Chess Championship 2015 - Open Section"]
[Site "Cairo"]
[Date "2015.05.07"]
[Round "6"]
[White "Al-Mahjoub, Mokhtar"]
[Black "El-Kholti, Ahraf"]
[Result "1-0"]
[WhiteElo "2110"]
[BlackElo "2268"]
[EventDate "2015.05.02"]
[PlyCount "55"]

1.d4 d5 2.Nf3 Nf6 3.g3 c6 4.Bg2 Bf5 5.O-O e6 6.Nh4 Bg6 7.Nxg6 hxg6 8.Bg5 
Be7 9.c3 Nh5 10.Bxe7 Qxe7 11.e4 Nd7 12.exd5 cxd5 13.Bxd5 Nf4 14.Bg2 Nxg2 
15.Kxg2 Qg5 16.f4 Qf5 17.g4 Qe4+ 18.Qf3 Qc2+ 19.Rf2 Qc1 20.Qe2 Nf6 21.Rf1 
Rxh2+ 22.Kxh2 Nxg4+ 23.Kg3 Qe3+ 24.Qxe3 Nxe3 25.Rf2 Ke7 26.Kf3 Nf5 27.Rh2 
Kf6 28.Nd2 1-0

[Event "African Individual Chess Championship 2015 - Open Section"]
[Site "Cairo"]
[Date "2015.05.07"]
[Round "6"]
[White "Dzilani, Abel"]
[Black "Mahgub, Mohamed Mustafa"]
[Result "1-0"]
[WhiteElo "2049"]
[BlackElo "1985"]
[EventDate "2015.05.02"]
[PlyCount "83"]

1.d4 Nf6 2.Nf3 d5 3.Bf4 e6 4.e3 c6 5.Nbd2 Nbd7 6.c3 Be7 7.h3 Nb6 8.Bd3 c5 
9.O-O h6 10.Ne5 a6 11.Re1 Nbd7 12.Ndf3 Nxe5 13.Nxe5 c4 14.Bc2 Bd7 15.e4 
Bc6 16.f3 Nh5 17.Bh2 Bh4 18.Rf1 Ng3 19.Rf2 O-O 20.Rd2 Qg5 21.Bxg3 Bxg3 22.
Ng4 Bf4 23.Re2 dxe4 24.fxe4 f5 25.exf5 exf5 26.Nh2 Be3+ 27.Kh1 Rae8 28.d5 
Rd8 29.Nf3 Rxd5 30.Qxd5+ Bxd5 31.Nxg5 Bxg5 32.Re5 Bc6 33.Bxf5 Bf6 34.Be6+ 
Kh7 35.Rf5 Re8 36.Bxc4 Bg5 37.Bd5 Bb5 38.c4 Ba4 39.b3 Bd7 40.Rf7 Bf6 41.
Rf1 Bc8 42.R1xf6 1-0

[Event "African Individual Chess Championship 2015 - Open Section"]
[Site "Cairo"]
[Date "2015.05.07"]
[Round "6"]
[White "El-Mejbri, Ali Abdoullah"]
[Black "Ruzigura, Alexis"]
[Result "1/2-1/2"]
[WhiteElo "1841"]
[BlackElo "1754"]
[EventDate "2015.05.02"]
[PlyCount "68"]

1.d4 d5 2.e3 Nf6 3.Bd3 b6 4.f4 c5 5.c3 e6 6.Nf3 Bd6 7.Ne5 O-O 8.O-O Ba6 9.
Bxa6 Nxa6 10.Rf3 Ne4 11.Rh3 Bxe5 12.fxe5 Qg5 13.Nd2 f5 14.Nf3 Qe7 15.Nd2 
c4 16.Rf3 Nc7 17.Nxe4 fxe4 18.Rf4 Rf7 19.Bd2 Raf8 20.Qg4 Ne8 21.Raf1 g6 
22.Be1 Rf5 23.Bh4 Qg7 24.Bg3 Qe7 25.h3 Ng7 26.Bh4 Qe8 27.Qe2 h6 28.g4 R5f7
29.Bf6 Qd7 30.h4 b5 31.a3 a5 32.R1f2 Ne8 33.Qf1 a4 34.Kh2 Ng7 1/2-1/2